[Event "PHI-ch"]
[Site "Marikina City"]
[Date "2024.01.06"]
[Round "12"]
[White "Medina, Vince Angelo"]
[Black "Gomez, John Paul"]
[Result "1/2-1/2"]
[WhiteElo "2125"]
[BlackElo "2422"]
[PlyCount "63"]
[EventDate "2023.12.27"]
[EventType "tourn"]
[EventRounds "13"]
[EventCountry "PHI"]
[SourceTitle "CB02_2024"]
[SourceDate "2024.01.10"]
[SourceVersion "1"]
[SourceVersionDate "2024.01.10"]
[SourceQuality "1"]

1. d4 d5 2. Bg5 Nd7 3. Nf3 Ngf6 4. Nbd2 c5 5. e3 e6 6. c3 Bd6 7. Bd3 h6 8. Bh4 0-0 9. 0-0 b6 10. e4 cxd4 11. cxd4 dxe4 12. Bxe4 Rb8 13. Re1 Be7 14. Bg3 Nxe4 15. Nxe4 Rb7 16. d5 exd5 17. Nd6 Bxd6 18. Bxd6 Re8 19. Rxe8+ Qxe8 20. Qxd5 Nf6 21. Qe5 Qxe5 22. Nxe5 Be6 23. f3 Nd7 24. Nxd7 Rxd7 25. Be5 Rd2 26. Bc3 Rc2 27. a3 f6 28. Re1 Kf7 29. h4 a5 30. Kh2 a4 31. Kg3 b5 32. Kh2 1/2-1/2

[Event "PHI-ch"]
[Site "Marikina City"]
[Date "2023.12.28"]
[Round "2"]
[White "Gomez, John Paul"]
[Black "Lim, Samson Chiu Chin II"]
[Result "1-0"]
[WhiteElo "2422"]
[BlackElo "2116"]
[PlyCount "84"]
[EventDate "2023.12.27"]
[EventType "tourn"]
[EventRounds "13"]
[EventCountry "PHI"]
[SourceTitle "CB02_2024"]
[SourceDate "2024.01.10"]
[SourceVersion "1"]
[SourceVersionDate "2024.01.10"]
[SourceQuality "1"]

1. d4 Nf6 2. c4 e6 3. Nc3 Bb4 4. f3 d5 5. a3 Bxc3+ 6. bxc3 0-0 7. cxd5 exd5 8. e3 c5 9. Bd3 b6 10. Ne2 Ba6 11. 0-0 Re8 12. Ng3 Qc8 13. Bxa6 Qxa6 14. e4 Qc4 15. Bg5 Re6 16. e5 Ne8 17. Qd2 Nc6 18. Be3 Na5 19. Rab1 Rc8 20. f4 cxd4 21. Bxd4 Nb3 22. Qd1 Nxd4 23. cxd4 Qc3 24. Rb3 Qc2 25. Qf3 Rc4 26. Rd3 Rg6 27. Rfd1 Nc7 28. Nf5 Ne6 29. Ne7+ Kh8 30. Qxd5 Rc8 31. Nxg6+ hxg6 32. Qf3 Qc4 33. g3 Rd8 34. d5 Nc5 35. Rd4 Qa2 36. f5 Kg8 37. fxg6 fxg6 38. Rf1 g5 39. e6 Qb2 40. Rdd1 Qe5 41. Rfe1 Qf6 42. Qxf6 Rc8 1-0

[Event "Asia zt 3.3"]
[Site "Jakarta"]
[Date "2023.05.06"]
[Round "1"]
[White "Dau, Khuong Duy"]
[Black "Gomez, John Paul"]
[Result "1/2-1/2"]
[WhiteElo "2234"]
[BlackElo "2437"]
[PlyCount "68"]
[EventDate "2023.05.06"]
[EventType "swiss"]
[EventRounds "9"]
[EventCountry "INA"]
[SourceTitle "CBM 214 Extra"]
[Source "ChessBase"]
[SourceDate "2023.07.31"]
[SourceVersion "1"]
[SourceVersionDate "2023.07.31"]
[SourceQuality "1"]

1. e4 e6 2. d4 d5 3. Nc3 Nf6 4. Bg5 dxe4 5. Nxe4 Be7 6. Bxf6 Bxf6 7. c3 Nd7 8. Nf3 Be7 9. Bd3 0-0 10. Qc2 c5 11. Nxc5 Nxc5 12. dxc5 h6 13. b4 Qc7 14. 0-0 Bd7 15. Nd4 b6 16. c6 e5 17. cxd7 exd4 18. cxd4 Qxd7 19. Qd2 Bf6 20. Rad1 Qxd4 21. Bh7+ Kh8 22. Qxd4 Bxd4 23. Rxd4 Kxh7 24. Rd7 Kg6 25. g3 Rfe8 26. Rc1 Red8 27. Rc6+ f6 28. Rb7 Rd2 29. Rcc7 Rxa2 30. Rxg7+ Kf5 31. g4+ Ke5 32. Rbd7 Re8 33. Rxa7 Rxa7 34. Rxa7 Rg8 1/2-1/2

[Event "PHI-ch"]
[Site "Malolos"]
[Date "2023.02.05"]
[Round "6"]
[White "Bersamina, Paulo"]
[Black "Gomez, John Paul"]
[Result "1/2-1/2"]
[WhiteElo "2427"]
[BlackElo "2474"]
[PlyCount "70"]
[EventDate "2023.02.01"]
[EventType "tourn"]
[EventRounds "9"]
[EventCountry "PHI"]
[EventCategory "5"]
[SourceTitle "CBM 212 Extra"]
[Source "ChessBase"]
[SourceDate "2023.03.31"]
[SourceVersion "1"]
[SourceVersionDate "2023.03.31"]
[SourceQuality "1"]

1. e4 c5 2. Nf3 d6 3. Bb5+ Bd7 4. Bxd7+ Qxd7 5. c4 Nf6 6. Nc3 g6 7. d4 cxd4 8. Nxd4 Bg7 9. 0-0 0-0 10. f3 Rc8 11. b3 d5 12. exd5 Nxd5 13. Nxd5 e6 14. Bh6 exd5 15. Bxg7 Kxg7 16. Nb5 dxc4 17. Nd6 Rd8 18. Nxb7 Qxd1 19. Re1 Qxa1 20. Rxa1 Rd1+ 21. Rxd1 cxb3 22. axb3 Nc6 23. Rd7 a5 24. Rd6 Ra7 25. Rxc6 Rxb7 26. Ra6 Rxb3 27. Rxa5 h5 28. Ra4 g5 29. h4 f6 30. hxg5 fxg5 31. Kh2 Rb6 32. g4 hxg4 33. Rxg4 Kf6 34. f4 gxf4 35. Rxf4+ Ke5 1/2-1/2

[Event "Olympiad-44"]
[Site "Chennai"]
[Date "2022.07.30"]
[Round "2.3"]
[White "Gomez, John Paul"]
[Black "Durarbayli, Vasif"]
[Result "1/2-1/2"]
[WhiteElo "2451"]
[BlackElo "2638"]
[PlyCount "62"]
[EventDate "2022.07.29"]
[EventType "team-swiss"]
[EventRounds "11"]
[EventCountry "IND"]
[SourceTitle "CBM 210"]
[Source "ChessBase"]
[SourceDate "2022.10.31"]
[SourceVersion "1"]
[SourceVersionDate "2022.10.31"]
[SourceQuality "1"]
[WhiteTeam "Philippines"]
[BlackTeam "Azerbaijan"]
[WhiteTeamCountry "PHI"]
[BlackTeamCountry "AZE"]

1. d4 d5 2. c4 c6 3. Nf3 Nf6 4. cxd5 cxd5 5. Nc3 Nc6 6. Bf4 a6 7. e3 Bg4 8. h3 Bxf3 9. Qxf3 e6 10. Bd3 Be7 11. 0-0 0-0 12. Bg5 Nd7 13. Bxe7 Qxe7 14. Rac1 Rac8 15. Bb1 f5 16. Qd1 Qb4 17. Rc2 Nb6 18. Ne2 Nc4 19. Nf4 Qe7 20. Nd3 Nb4 21. Nxb4 Qxb4 22. Qe2 a5 23. Rfc1 a4 24. Rc3 Rc6 25. b3 axb3 26. Rxb3 Qe7 27. Bd3 Rfc8 28. a4 Nd6 29. Rxc6 Rxc6 30. Rb1 Qc7 31. Qb2 Kf7 1/2-1/2

[Event "SEA Games 31st"]
[Site "Ha Long"]
[Date "2022.05.13"]
[Round "6"]
[White "Quizon, Daniel"]
[Black "Gomez, John Paul"]
[Result "1/2-1/2"]
[WhiteElo "2384"]
[BlackElo "2442"]
[PlyCount "37"]
[EventDate "2022.05.10"]
[EventType "swiss"]
[EventRounds "9"]
[EventCountry "VIE"]
[SourceTitle "CBM 208 Extra"]
[Source "ChessBase"]
[SourceDate "2022.07.31"]
[SourceVersion "1"]
[SourceVersionDate "2022.07.31"]
[SourceQuality "1"]

1. e4 c5 2. Nc3 Nc6 3. Nge2 g6 4. d4 cxd4 5. Nxd4 Bg7 6. Be3 Nf6 7. Nxc6 bxc6 8. e5 Ng8 9. Bd4 Qa5 10. f4 f6 11. exf6 Nxf6 12. Bc4 Rb8 13. Bb3 Ba6 14. Qd2 Qh5 15. Qd1 Qa5 16. Qd2 Qh5 17. Qd1 Qa5 18. Qd2 Qh5 19. h3 1/2-1/2

[Event "SEA Games 31st"]
[Site "Ha Long"]
[Date "2022.05.11"]
[Round "4"]
[White "Tin, Jingyao"]
[Black "Gomez, John Paul"]
[Result "1/2-1/2"]
[WhiteElo "2499"]
[BlackElo "2442"]
[PlyCount "86"]
[EventDate "2022.05.10"]
[EventType "swiss"]
[EventRounds "9"]
[EventCountry "VIE"]
[SourceTitle "CBM 208 Extra"]
[Source "ChessBase"]
[SourceDate "2022.07.31"]
[SourceVersion "1"]
[SourceVersionDate "2022.07.31"]
[SourceQuality "1"]

1. d4 d5 2. c4 c6 3. Nf3 Nf6 4. Nc3 dxc4 5. a4 Bf5 6. Ne5 Nbd7 7. Nxc4 Nb6 8. Ne5 a5 9. f3 Nfd7 10. Nxd7 Nxd7 11. e4 Bg6 12. Be2 e6 13. 0-0 Bb4 14. Be3 0-0 15. Qb3 Qc7 16. g3 Kh8 17. Na2 Bd6 18. Bf2 Rae8 19. Rac1 Qb8 20. Rfd1 f6 21. Qd3 Bc7 22. Qc3 Qa7 23. b4 Bb6 24. Kg2 f5 25. e5 f4 26. Rf1 axb4 27. Qxb4 Ra8 28. Qd6 Rad8 29. Nc3 Nb8 30. Qxe6 Bxd4 31. Rcd1 Bxf2 32. Rxf2 Rde8 33. Qc4 Rxe5 34. Bd3 Qc5 35. Qxc5 Rxc5 36. Bxg6 Rxc3 37. Be4 fxg3 38. Rb2 b5 39. axb5 cxb5 40. hxg3 Rc5 41. Rd5 Rxd5 42. Bxd5 Nd7 43. Rxb5 Nf6 1/2-1/2

[Event "Joytu Sheikh Hasina Online op"]
[Site "Chess.com INT"]
[Date "2020.09.24"]
[Round "2"]
[White "Chowdhury, Sohel"]
[Black "Gomez, John Paul"]
[Result "0-1"]
[WhiteElo "2148"]
[BlackElo "2442"]
[PlyCount "72"]
[EventDate "2020.09.24"]
[EventType "swiss"]
[EventRounds "9"]
[EventCountry "BAN"]
[SourceTitle "EXT 2022"]
[Source "ChessBase"]
[SourceDate "2021.10.06"]
[SourceVersion "1"]
[SourceVersionDate "2021.10.06"]
[SourceQuality "1"]

1. e4 e6 2. d4 d5 3. exd5 exd5 4. Nf3 Bd6 5. Bd3 Nc6 6. 0-0 Nge7 7. Re1 Bg4 8. c3 Qd7 9. Be3 0-0-0 10. b4 f6 11. a4 g5 12. a5 Ng6 13. b5 Nce7 14. b6 a6 15. bxc7 Bxc7 16. Nbd2 Nh4 17. Be2 Qd6 18. g3 Nhf5 19. Qb3 Nxe3 20. fxe3 Kb8 21. Reb1 Bc8 22. c4 Nf5 23. c5 Qe6 24. Nf1 Rhe8 25. Ra3 h5 26. Rc1 Qc6 27. Ne1 Nxd4 28. exd4 Rxe2 29. Nd3 Rde8 30. Nb4 Qe6 31. c6 Qe4 32. Qxd5 Bf5 33. cxb7 Rg2+ 34. Kh1 Rc2+ 35. Kg1 Qxd5 36. Nxd5 Rxc1 0-1